[Event "World Junior Open 2015"]
[Site "Khanty-Mansiysk RUS"]
[Date "2015.09.12"]
[Round "10.13"]
[White "Gordievsky, Dmitry"]
[Black "Barbot, Pierre1"]
[Result "1-0"]
[WhiteTitle "FM"]
[BlackTitle "FM"]
[WhiteElo "2511"]
[BlackElo "2455"]
[WhiteFideId "24112798"]
[BlackFideId "663727"]
[EventDate "2015.09.02"]

1. d4 Nf6 2. c4 e6 3. Nf3 d5 4. Nc3 Be7 5. Bf4 O-O 6. a3 b6 7. e3 Bb7 8. Qc2 c5
9. dxc5 bxc5 10. Be2 Nbd7 11. Rd1 Qb6 12. O-O Rfd8 13. h3 Bc6 14. Rd2 Qb7 15.
Rfd1 Rac8 16. Bh2 Qa8 17. cxd5 exd5 18. Nh4 g6 19. Nf3 Qb7 20. Bf1 Bf8 21. Qb1
Re8 22. Qa2 Bh6 23. Re2 Rcd8 24. Qb1 Bf8 25. Red2 Bh6 26. Rc2 Bf8 27. b4 Qa8 28.
bxc5 Nxc5 29. Nd4 Bd7 30. Ncb5 Rc8 31. Nc7 Rxc7 32. Bxc7 Ba4 33. Bb5 Bxc2 34.
Qxc2 Re4 35. Bg3 Ne6 36. Nc6 Nc5 37. Nd4 Ne6 38. Nf3 Nc5 39. Ng5 a6 40. Nxe4
Nfxe4 41. Be2 Nxg3 42. fxg3 Qe8 43. Rxd5 Qxe3+ 44. Kh2 Qxa3 45. Bc4 Qe3 46. Rd8
Qe7 47. Rd1 Nb7 48. Qf2 Nc5 49. Rf1 Ne6 50. Re1 Qc5 51. Qa2 Nd8 52. Re8 Qd6 53.
Qxa6 Qxa6 54. Bxa6 Nc6 55. Bc4 h5 56. Bd5 Nb4 57. Bb3 Kg7 58. Rb8 Nc6 59. Rb7
Ne5 60. Kg1 Bc5+ 61. Kf1 Kf6 62. Ke2 Kg7 63. Rb5 Nd7 64. Ra5 Bb6 65. Rd5 Nc5 66.
Bc4 Ne4 67. Kf3 f5 68. Rd7+ Kf6 69. Bd5 Ng5+ 70. Ke2 Bc5 71. Rc7 Bd6 72. Rc6 Ke5
73. Bf3 Ne6 74. Ra6 Nc5 75. Ra3 Kf6 76. Rc3 Ne6 77. Bd5 Ng5 78. Re3 Be5 79. Kd3
Nh7 1-0

[Event "World Junior Open 2015"]
[Site "Khanty-Mansiysk RUS"]
[Date "2015.09.12"]
[Round "10.14"]
[White "Iskandarov, Misratdin"]
[Black "Sunilduth Lyna, Narayanan"]
[Result "1/2-1/2"]
[WhiteTitle "IM"]
[BlackTitle "IM"]
[WhiteElo "2405"]
[BlackElo "2473"]
[WhiteFideId "13400312"]
[BlackFideId "5058422"]
[EventDate "2015.09.02"]

1. Nf3 Nf6 2. g3 d5 3. Bg2 Bf5 4. c4 c6 5. O-O e6 6. b3 Bd6 7. Bb2 O-O 8. d3
Nbd7 9. Nc3 Qe7 10. Re1 Bg6 11. cxd5 exd5 12. Nh4 Rfe8 13. Nxg6 hxg6 14. d4 Bb4
15. a3 Bxc3 16. Bxc3 a5 17. a4 Ne4 18. Bb2 Ndf6 19. Qd3 Qe6 20. f3 Nd6 21. e3 g5
22. g4 Nd7 23. e4 Qg6 24. Rad1 Nf8 25. e5 Qxd3 26. Rxd3 Nc8 27. Bc1 Ne6 28. h4
Nf4 29. Rdd1 Nxg2 30. Kxg2 gxh4 31. Rh1 Ne7 32. f4 f5 33. exf6 gxf6 34. f5 Kg7
35. Rxh4 Rh8 36. Rxh8 Rxh8 37. Bf4 Rc8 38. Re1 Kf7 39. Bd6 Ng8 40. Kf3 b6 41.
Kf4 c5 42. Rh1 Rc6 43. Rh7+ Ke8 44. Rg7 Rxd6 45. Rxg8+ Kf7 46. Rc8 cxd4 47. Rc1
Kg7 48. Rc7+ Kh6 49. Rc2 Kg7 50. Rd2 b5 51. Rxd4 bxa4 52. bxa4 Kh6 53. Rd3 Rb6
54. Rxd5 Rb4+ 55. Kg3 Rxa4 56. Rd7 Rc4 57. Ra7 Rc1 58. Rxa5 Kg5 1/2-1/2

[Event "World Junior Open 2015"]
[Site "Khanty-Mansiysk RUS"]
[Date "2015.09.12"]
[Round "10.15"]
[White "Cori, Jorge"]
[Black "Leiva, Giuseppe"]
[Result "1/2-1/2"]
[WhiteTitle "GM"]
[BlackTitle "IM"]
[WhiteElo "2637"]
[BlackElo "2400"]
[WhiteFideId "3802272"]
[BlackFideId "3804399"]
[EventDate "2015.09.02"]

1. Nf3 Nf6 2. d4 e6 3. c4 b6 4. g3 Bb4+ 5. Bd2 Bxd2+ 6. Qxd2 Ba6 7. b3 c6 8. Bg2
d5 9. O-O Nbd7 10. Rc1 O-O 11. a4 Rc8 12. e3 Qe7 13. Na3 Rfd8 14. Qb2 Qb4 15.
Nc2 Qd6 16. a5 Bb7 17. Ne5 c5 18. b4 Ba8 19. Na3 cxd4 20. exd4 dxc4 21. Naxc4
Qf8 22. Bxa8 Rxa8 23. Nc6 Rdc8 24. b5 Nd5 25. Qa3 bxa5 26. Qxf8+ Kxf8 27. Rxa5
Rc7 28. Kg2 Ne7 29. Nxe7 Kxe7 30. b6 Rb7 31. d5 exd5 32. Re1+ Kf8 33. Nd6 Rxb6
34. Rxa7 Rd8 35. Nf5 1/2-1/2

[Event "World Junior Open 2015"]
[Site "Khanty-Mansiysk RUS"]
[Date "2015.09.12"]
[Round "10.17"]
[White "Ratkovic, Miloje"]
[Black "Arat, Ufuk Sezen"]
[Result "1-0"]
[BlackTitle "FM"]
[WhiteElo "2388"]
[BlackElo "2441"]
[WhiteFideId "914517"]
[BlackFideId "6309089"]
[EventDate "2015.09.02"]

1. d4 d6 2. Nf3 Nf6 3. Nbd2 g6 4. e4 Bg7 5. Bd3 O-O 6. O-O Nbd7 7. Re1 e5 8. c3
Re8 9. h3 c6 10. a4 Qc7 11. dxe5 Nxe5 12. Nxe5 dxe5 13. Bc4 Nh5 14. Nf3 Nf4 15.
Bxf4 exf4 16. e5 h6 17. Qd4 g5 18. h4 g4 19. Qd6 Qxd6 20. exd6 Bd7 21. Nd4 Be5
22. Nb3 Bxd6 23. Red1 Be6 24. Na5 Bc7 25. Bxe6 Rxe6 26. Nxb7 Re2 27. b4 Rae8 28.
Nd6 R8e5 29. Nc4 Rd5 30. Kf1 Rc2 31. Rdc1 Rxc1+ 32. Rxc1 Bd8 33. f3 h5 34. Ke2
Bxh4 35. Na5 Rd6 36. c4 Re6+ 37. Kd2 Bd8 38. Nb7 Bc7 39. Nc5 Re3 40. Rh1 Re5 41.
Nd7 Rf5 42. Kd3 Kg7 43. b5 Kg6 44. bxc6 Ra5 45. Kd4 g3 46. Ra1 h4 47. c5 Ra6 48.
Kd5 Kg5 49. Ra2 h3 50. gxh3 Kh4 51. Nf6 Kxh3 52. Ne8 Bd8 53. c7 Bxc7 54. Nxc7
Rg6 55. Nb5 g2 56. Ra1 g1=Q 57. Rxg1 Rxg1 58. c6 Rc1 59. Nxa7 Kg3 60. Nb5 Kxf3
61. a5 Ke3 62. a6 f3 63. a7 f2 64. a8=Q f1=Q 65. Qa7+ Kd2 66. Qa5+ Ke2 67. Nd4+
Kf2 68. Qd2+ Kg3 69. Qxc1 Qg2+ 70. Kd6 Qe4 71. Qg5+ 1-0

[Event "World Junior Open 2015"]
[Site "Khanty-Mansiysk RUS"]
[Date "2015.09.12"]
[Round "10.18"]
[White "Saiyn, Zhanat"]
[Black "Menezes, Christoph"]
[Result "0-1"]
[WhiteTitle "IM"]
[BlackTitle "FM"]
[WhiteElo "2413"]
[BlackElo "2364"]
[WhiteFideId "13703820"]
[BlackFideId "1617001"]
[EventDate "2015.09.02"]

1. d4 Nf6 2. c4 g6 3. Nc3 Bg7 4. e4 d6 5. Nge2 O-O 6. f3 c5 7. Be3 Nc6 8. Qd2
Qa5 9. d5 Ne5 10. Nc1 e6 11. Be2 a6 12. O-O exd5 13. cxd5 Re8 14. a3 Bd7 15. Rb1
Rec8 16. b4 cxb4 17. axb4 Qd8 18. Nb3 Rxc3 19. Qxc3 Nxe4 20. Qe1 Nc3 21. Nd4
Nxb1 22. Qxb1 Rc8 23. Qb3 Qc7 24. Kf2 Qc3 25. Rc1 Qxb3 26. Rxc8+ Bxc8 27. Nxb3
Kf8 28. Na5 Ke7 29. Ke1 Nd7 30. Kd2 Kd8 31. g4 Kc7 32. Nc4 b5 33. Na5 Nf6 34.
Bd4 Bh6+ 35. f4 Bxf4+ 36. Kd3 Nxg4 37. Ke4 Bxh2 38. Nc6 Bf5+ 39. Kf3 Ne5+ 40.
Kg2 Nxc6 41. dxc6 Be5 42. Ba7 Be4+ 43. Bf3 Bxf3+ 44. Kxf3 f5 45. Bg1 Kxc6 46.
Kg2 Bc3 47. Kh3 Bxb4 48. Kh4 Bd2 49. Bf2 b4 50. Bd4 Bc3 51. Be3 b3 52. Kg5 b2
53. Kh6 b1=Q 54. Kxh7 f4 55. Bf2 g5+ 56. Kh6 Qf5 57. Bg1 Kd7 58. Bb6 Ke6 59. Bd8
Bf6 60. Bb6 Kf7 61. Kh5 Qh3# 0-1

[Event "World Junior Open 2015"]
[Site "Khanty-Mansiysk RUS"]
[Date "2015.09.12"]
[Round "10.19"]
[White "Beradze, Irakli"]
[Black "Korchmar, Vasiliy"]
[Result "1-0"]
[BlackTitle "IM"]
[WhiteElo "2380"]
[BlackElo "2409"]
[WhiteFideId "13604597"]
[BlackFideId "24131750"]
[EventDate "2015.09.02"]

1. d4 d5 2. c4 c6 3. Nc3 Nf6 4. Nf3 a6 5. cxd5 cxd5 6. Bf4 Nc6 7. Rc1 Nh5 8. Bd2
Nf6 9. Bf4 Nh5 10. Bd2 Nf6 11. e3 Bg4 12. Be2 e6 13. h3 Bh5 14. a3 Bd6 15. Na4
O-O 16. b4 a5 17. b5 Nb8 18. Nc5 Qe7 19. a4 Bxc5 20. Rxc5 Ne4 21. Rc2 Nd7 22.
Rc7 Bxf3 23. Bxf3 Qd8 24. Qc2 Nxd2 25. Kxd2 Nb6 26. Rc1 Rb8 27. Kd1 Nc4 28. Rc5
Qd6 29. Be2 Qh2 30. Bxc4 dxc4 31. g3 Qxh3 32. Qxc4 Qg4+ 33. Qe2 Qe4 34. Ke1 Qh1+
35. Kd2 Qe4 36. Qh5 h6 37. f3 Qh7 38. b6 Rbd8 39. Qe5 Rfe8 40. Rxa5 Qg6 41. g4
f5 42. Rac5 fxg4 43. Rg1 h5 44. fxg4 Rf8 45. Qxh5 Rf2+ 46. Ke1 Qd3 47. Kxf2 Rf8+
48. Kg2 Qe4+ 49. Kh3 Qxe3+ 50. Rg3 Qe1 51. Rc2 Qh1+ 52. Rh2 Qf1+ 53. Rhg2 Qh1+
54. Rh2 Qf1+ 55. Kh4 Rf6 56. Qe8+ Kh7 57. Kg5+ Rh6 58. Qg6+ Kg8 59. Rxh6 Qc1+
60. Kh4 Qh1+ 1-0

[Event "World Junior Open 2015"]
[Site "Khanty-Mansiysk RUS"]
[Date "2015.09.12"]
[Round "10.20"]
[White "Makhnyov, Denis"]
[Black "Popov, Mikhail"]
[Result "1-0"]
[WhiteTitle "FM"]
[BlackTitle "FM"]
[WhiteElo "2358"]
[BlackElo "2327"]
[WhiteFideId "13707647"]
[BlackFideId "4146182"]
[EventDate "2015.09.02"]

1. d4 Nf6 2. c4 g6 3. Nc3 Bg7 4. e4 d6 5. Nf3 O-O 6. Be2 e5 7. O-O Nc6 8. d5 Ne7
9. b4 Nh5 10. g3 h6 11. Nd2 Bh3 12. Re1 Nf4 13. Bf1 Bxf1 14. Nxf1 Nh3+ 15. Kg2
Qd7 16. Bd2 Ng5 17. h4 Qh3+ 18. Kg1 Nh7 19. Qf3 Qd7 20. h5 Qh3 21. hxg6 fxg6 22.
Qg2 Qd7 23. a4 Rf7 24. Ra2 Raf8 25. Be3 Kh8 26. c5 Ng8 27. Nh2 Bf6 28. b5 b6 29.
c6 Qc8 30. a5 Bg5 31. axb6 axb6 32. Nd1 Bxe3 33. Rxe3 Ng5 34. Rea3 Nf6 35. f3
Nh5 36. Nf2 Kg7 37. Rb3 Qd8 38. Rba3 Qe7 39. Rc3 Nf6 40. Re3 Ng8 41. Nd3 Nh7 42.
Ra3 Qg5 43. f4 Qe7 44. fxe5 dxe5 45. Qb2 Re8 46. Nf3 Rxf3 47. Rxf3 Ng5 48. Rf1
Nxe4 49. Ra7 Qg5 50. Rxc7+ Kh8 51. Rf3 Ngf6 52. Rf7 Nxd5 53. Qxe5+ Qxe5 54. Nxe5
Ng5 55. Rf8+ Rxf8 56. Rxf8+ Kg7 57. Rd8 1-0

[Event "World Junior Open 2015"]
[Site "Khanty-Mansiysk RUS"]
[Date "2015.09.12"]
[Round "10.21"]
[White "Megalios, Konstantinos"]
[Black "Carneiro, Vitor Roberto Castro"]
[Result "1-0"]
[BlackTitle "CM"]
[WhiteElo "2242"]
[BlackElo "2405"]
[WhiteFideId "4238044"]
[BlackFideId "2130106"]
[EventDate "2015.09.02"]

1. d4 Nf6 2. Nf3 g6 3. c4 Bg7 4. Nc3 O-O 5. Bf4 d6 6. h3 Nfd7 7. e3 e5 8. Bh2
Nc6 9. Be2 f5 10. O-O h6 11. Rc1 g5 12. dxe5 Ndxe5 13. Nxe5 Nxe5 14. c5 dxc5 15.
Qd5+ Qxd5 16. Nxd5 c6 17. Nc7 Rb8 18. Rxc5 f4 19. exf4 gxf4 20. Re1 Rf5 21. g4
fxg3 22. Bxg3 Nf3+ 23. Bxf3 Rxc5 24. Ne8 Rg5 25. Nxg7 Kxg7 26. h4 Rxg3+ 27. fxg3
Kf8 28. Kf2 Bf5 29. Re5 Bb1 30. a3 Rd8 31. Ke3 Rd3+ 32. Kf4 Rb3 33. Re2 Bd3 34.
Re3 Bc4 35. Rxb3 Bxb3 36. Kf5 Kf7 37. Bh5+ Kg7 38. Ke5 Bd5 39. g4 Bf3 40. Kd6
Kf8 41. Ke6 a5 42. Kd6 b5 43. b4 axb4 44. axb4 Kg7 45. Be8 Bxg4 46. Bxc6 Be2 47.
Kc5 Kf6 48. Bxb5 Bd1 49. Bd3 Ba4 50. Be4 Bd7 51. Bc6 Bc8 52. b5 Ke7 53. Kb6 Kd6
54. Be8 Be6 55. Kb7 Kc5 56. b6 Bd5+ 57. Ka7 Kb4 58. Bd7 Be4 59. Bc8 Ka5 60. Bb7
Bd3 61. Bf3 Ba6 62. Bg4 1-0

[Event "World Junior Open 2015"]
[Site "Khanty-Mansiysk RUS"]
[Date "2015.09.12"]
[Round "10.22"]
[White "Vokhidov, Shamsiddin"]
[Black "Serikbay, Chingiz"]
[Result "1-0"]
[BlackTitle "FM"]
[WhiteElo "2292"]
[BlackElo "2272"]
[WhiteFideId "14204223"]
[BlackFideId "13707604"]
[EventDate "2015.09.02"]

1. e4 e6 2. d4 d5 3. Nd2 Nc6 4. Ngf3 Nf6 5. e5 Nd7 6. Bb5 a6 7. Bxc6 bxc6 8. c3
c5 9. dxc5 Nxc5 10. Nb3 Nxb3 11. axb3 c5 12. Bg5 Qb6 13. O-O h6 14. Bh4 g5 15.
Bg3 Be7 16. Nd2 h5 17. f3 Bb7 18. Bf2 Qc6 19. Qe2 g4 20. fxg4 d4 21. Be1 Rg8 22.
Nc4 Rxg4 23. Rf2 O-O-O 24. Na5 Qe4 25. Qf1 d3 26. Ra4 Qxe5 27. Rxg4 hxg4 28. Nc4
Qh8 29. Rxf7 Rf8 30. Bg3 Rxf7 31. Qxf7 Kd8 32. Qf4 e5 33. Nxe5 Qf6 34. Qxg4 Bc8
35. Qg8+ Bf8 36. Bh4 Qxh4 37. Qxf8+ Kc7 38. Qxc5+ Kb8 39. Nxd3 Bb7 40. Qf8+ 1-0

[Event "World Junior Open 2015"]
[Site "Khanty-Mansiysk RUS"]
[Date "2015.09.12"]
[Round "10.23"]
[White "Isaev, Chyngyz"]
[Black "Van Laeken, Jonathan"]
[Result "1-0"]
[WhiteElo "2163"]
[BlackElo "1866"]
[WhiteFideId "13801660"]
[BlackFideId "228567"]
[EventDate "2015.09.02"]

1. d4 Nf6 2. Bg5 Ne4 3. Bf4 c5 4. f3 Qa5+ 5. c3 Nf6 6. d5 Qb6 7. b3 e6 8. e4 Bd6
9. Bxd6 Qxd6 10. dxe6 Qxe6 11. Bc4 Qe5 12. Ne2 O-O 13. O-O Re8 14. Ng3 d6 15.
Qd2 Nc6 16. Na3 a6 17. Rad1 Rd8 18. Rfe1 b5 19. Bd5 Bd7 20. Nc2 Rac8 21. Kh1 Nh5
22. Ne2 g5 23. Ne3 Qf6 24. Bxc6 Rxc6 25. Nd5 Qe5 26. Nc1 Re8 27. g4 Nf4 28. Nxf4
Qxf4 29. Qxf4 gxf4 30. Ne2 Be6 31. Nxf4 a5 32. Rd2 Kf8 33. Kg2 Ke7 34. Kf2 Rb8
35. Rb1 Ra6 36. Nd5+ Kf8 37. Nc7 Rc6 38. Nxe6+ fxe6 39. f4 Ke7 40. Ke3 Rg8 41.
h3 Rcc8 42. Rbd1 Rcd8 43. Kf3 Rg7 44. c4 b4 45. e5 1-0

[Event "World Junior Open 2015"]
[Site "Khanty-Mansiysk RUS"]
[Date "2015.09.12"]
[Round "10.24"]
[White "Bogdanov, Egor"]
[Black "Studer, Noel"]
[Result "1-0"]
[BlackTitle "IM"]
[WhiteElo "2333"]
[BlackElo "2422"]
[WhiteFideId "14119137"]
[BlackFideId "1319620"]
[EventDate "2015.09.02"]

1. e4 e6 2. d4 d5 3. Nc3 Nf6 4. e5 Nfd7 5. f4 c5 6. Nf3 Nc6 7. Be3 cxd4 8. Nxd4
Bc5 9. Qd2 O-O 10. O-O-O a6 11. g4 Bxd4 12. Bxd4 b5 13. Rg1 b4 14. Na4 Qa5 15.
b3 Bb7 16. Bb2 Rfd8 17. Rg3 Rac8 18. Bd3 Nf8 19. Rh3 g6 20. Qf2 d4 21. Be4 Rd7
22. Kb1 Ne7 23. Bxb7 Rxb7 24. Rxd4 Rbc7 25. Rd2 Nd5 26. Qd4 Qb5 27. Rhd3 Rc4 28.
bxc4 Rxc4 29. Qf2 Nc3+ 30. Nxc3 bxc3 31. Rxc3 Rxc3 32. a4 Qb7 33. Qd4 Rc7 34. f5
Qh1+ 35. Ka2 exf5 36. e6 1-0

[Event "World Junior Open 2015"]
[Site "Khanty-Mansiysk RUS"]
[Date "2015.09.12"]
[Round "10.25"]
[White "Harsha, Bharathakoti"]
[Black "Hasenohr, Benedict"]
[Result "1-0"]
[BlackTitle "FM"]
[WhiteElo "2393"]
[BlackElo "2309"]
[WhiteFideId "5078776"]
[BlackFideId "1303309"]
[EventDate "2015.09.02"]

1. b3 d5 2. Bb2 Bf5 3. e3 e6 4. f4 Nf6 5. Nf3 Be7 6. Be2 O-O 7. O-O h6 8. Qe1
Bxc2 9. d3 Bxb1 10. Rxb1 Nbd7 11. Qg3 Ne8 12. e4 dxe4 13. dxe4 Ndf6 14. e5 Nh5
15. Qg4 g6 16. Rbd1 Qb8 17. Nd2 Nhg7 18. Ne4 Nf5 19. Qh3 a5 20. Rd7 Qa7+ 21. Kh1
Rd8 22. Rxd8 Bxd8 23. Ba3 Qd4 24. Bxf8 Qxe4 25. Bd3 Qe3 26. Bxf5 Qxh3 27. Bxh3
Kxf8 28. g4 c6 29. f5 Ke7 30. fxe6 fxe6 31. Kg2 Bc7 32. Re1 g5 33. Kf3 Bb8 34.
Bf1 Nc7 35. Bc4 Nd5 36. a4 Nb6 37. h4 Nd7 38. hxg5 hxg5 39. Rh1 Bxe5 40. Rh7+
Kd6 41. Rh6 Nc5 42. Rg6 Bf4 43. Rg7 e5 44. Rg6+ Ke7 45. Ke2 e4 46. Rh6 Kd7 47.
Rh8 Kd6 48. Ra8 b6 49. Re8 e3 50. Rd8+ Nd7 51. Kd1 Kc7 52. Rh8 Ne5 53. Be2 Kd6
54. Kc2 Kc5 55. Rf8 Kb4 56. Rc8 Kc5 57. Kc3 Ng6 58. Bf3 Ne7 59. Re8 Kd6 60. Kd4
Kd7 61. Rf8 Ng6 62. Rf7+ Ke6 63. Rh7 Ne5 64. Be2 Nd7 65. Rh6+ Nf6 66. Bf3 Ke7
67. Kd3 Nd7 68. Kd4 Ne5 69. Be2 Kd7 70. Ke4 Kc7 71. Rh7+ Kd6 72. Kd4 Nd7 73.
Rh6+ Kc7 74. Rg6 Nc5 75. Kc4 Ne4 76. Kd3 Nc5+ 77. Kc3 Ne4+ 78. Kc2 Kd7 79. Bf3
Nd6 80. Kd3 c5 81. Bd5 Ke7 82. Rh6 Nc8 83. Rh7+ Kd6 84. Bf3 Ne7 85. Kc4 Kd7 86.
Kb5 Bc7 87. Rg7 Ke6 88. Rxg5 Kf6 89. Rh5 Ng6 90. Rf5+ Ke6 91. Bd5+ Kd6 92. Bc4
Ne5 93. Rf4 Nxc4 94. Kxc4 Ke5 95. Rf7 e2 96. Re7+ Kf4 97. Rxe2 Kxg4 98. Re7 Bd8
99. Rd7 1-0

[Event "World Junior Open 2015"]
[Site "Khanty-Mansiysk RUS"]
[Date "2015.09.12"]
[Round "10.26"]
[White "Bilguun, Sumiya"]
[Black "Fontaine, Quentin"]
[Result "1-0"]
[WhiteTitle "FM"]
[WhiteElo "2343"]
[BlackElo "2122"]
[WhiteFideId "4901541"]
[BlackFideId "230804"]
[EventDate "2015.09.02"]

1. e4 c5 2. Nf3 Nc6 3. d4 cxd4 4. Nxd4 g6 5. Nc3 Bg7 6. Be3 Nf6 7. Bc4 Qa5 8.
O-O O-O 9. Bb3 d6 10. h3 Bd7 11. Qd3 Nxd4 12. Bxd4 Bc6 13. Rad1 Nd7 14. Bxg7
Kxg7 15. f4 Kg8 16. Qg3 Rac8 17. Kh2 b5 18. e5 dxe5 19. f5 Kg7 20. fxg6 hxg6 21.
Rxd7 Bxd7 22. Qxe5+ Kg8 23. Nd5 Rce8 24. Nxe7+ Rxe7 25. Qxe7 Bf5 26. g4 Qd2+ 27.
Kh1 Qh6 28. Kg2 Kh8 29. Qf6+ Kh7 30. gxf5 Rg8 31. Qxf7+ Rg7 32. fxg6+ 1-0

[Event "World Junior Open 2015"]
[Site "Khanty-Mansiysk RUS"]
[Date "2015.09.12"]
[Round "10.27"]
[White "Taalaibekov, Tagir"]
[Black "Sabirov, Timur"]
[Result "1-0"]
[WhiteElo "2222"]
[BlackElo "1665"]
[WhiteFideId "13801163"]
[BlackFideId "44107323"]
[EventDate "2015.09.02"]

1. d4 Nf6 2. g3 c5 3. d5 d6 4. Bg2 g6 5. Nc3 Bg7 6. Nf3 O-O 7. O-O Na6 8. Nd2
Nc7 9. a4 b6 10. e4 Ba6 11. Re1 Nd7 12. h3 Ne5 13. f4 Nc4 14. Nxc4 Bxc4 15. e5
Rb8 16. b3 Ba6 17. Bb2 Ne8 18. Ne4 Bb7 19. c4 Nc7 20. Qd2 Na6 21. exd6 exd6 22.
Bxg7 Kxg7 23. Qc3+ f6 24. g4 Kg8 25. g5 fxg5 26. fxg5 Rf5 27. Nf6+ Kf7 28. Nxh7
Qh8 29. Qxh8 Rxh8 30. Nf6 Nc7 31. Re3 Rxf6 32. gxf6 Re8 33. Re7+ Rxe7 34. fxe7
Kxe7 35. Be4 Bc8 36. Kh2 g5 37. Rf1 Ne8 38. Bf5 Ba6 39. Be6 Nf6 40. Rf5 g4 41.
h4 Bb7 42. h5 Ba6 43. h6 1-0

[Event "World Junior Open 2015"]
[Site "Khanty-Mansiysk RUS"]
[Date "2015.09.12"]
[Round "10.28"]
[White "Lootens, Matthias"]
[Black "Ererdem, Gani Eren"]
[Result "1/2-1/2"]
[WhiteElo "1935"]
[BlackElo "2213"]
[WhiteFideId "218634"]
[BlackFideId "6310915"]
[EventDate "2015.09.02"]

1. e4 g6 2. d4 Bg7 3. Nf3 d6 4. c3 Nf6 5. Bd3 O-O 6. O-O c5 7. Nbd2 Nfd7 8. Re1
Nc6 9. dxc5 Nxc5 10. Bf1 Rb8 11. a4 a6 12. Nb3 Nxb3 13. Qxb3 Be6 14. Qa3 b5 15.
axb5 axb5 16. Be3 Bd7 17. Qa6 b4 18. Nd4 Rb6 19. Nxc6 Rxc6 20. Qb7 bxc3 21. Ra7
cxb2 22. Qxd7 Qxd7 23. Rxd7 Rfc8 24. g3 h5 25. Rb7 Rc1 26. Rxc1 Rxc1 27. Rxb2
Rxf1+ 28. Kxf1 Bxb2 29. Ke2 f5 30. f3 Kf7 31. h3 Ke6 32. g4 hxg4 33. hxg4 Be5
34. Bg5 Bf6 35. gxf5+ gxf5 36. Bh6 Ba1 37. Bg5 Bf6 38. Bh6 d5 39. exd5+ Kxd5 40.
Bc1 Ba1 41. Bg5 Bf6 42. Bc1 Kc4 43. Bh6 Kd5 44. Bc1 Ke5 45. Bd2 Bh4 46. Bc1 Bg3
47. Bb2+ Ke6 48. Bc1 Kf6 49. Kf1 Ke5 50. Ba3 Bh4 51. Bc1 Kd4 52. Ke2 Ke5 53. Kf1
Bg3 54. Ba3 e6 55. Ke2 Bh4 56. Bc1 1/2-1/2

[Event "World Junior Open 2015"]
[Site "Khanty-Mansiysk RUS"]
[Date "2015.09.12"]
[Round "10.29"]
[White "El Fazari, Mohamed Amin"]
[Black "Kirk, Ezra"]
[Result "0-1"]
[BlackTitle "FM"]
[WhiteElo "1832"]
[BlackElo "2315"]
[WhiteFideId "9002545"]
[BlackFideId "600067"]
[EventDate "2015.09.02"]

1. d4 Nf6 2. c4 g6 3. Nc3 Bg7 4. e4 d6 5. f3 O-O 6. Be3 c5 7. Nge2 Nc6 8. d5 Ne5
9. Ng3 e6 10. Be2 exd5 11. cxd5 a6 12. a4 Bd7 13. a5 b5 14. axb6 Qxb6 15. Qd2
Qb4 16. Rxa6 Rxa6 17. Bxa6 c4 18. Ke2 Ra8 19. Ra1 Ne8 20. Ra3 Nc7 21. Nb5 Qxd2+
22. Bxd2 Bxb5 23. Bxb5 Rxa3 24. bxa3 Nxb5 25. Bb4 Nd3 26. Nf1 Bh6 27. g3 Nxb4
28. axb4 Bc1 29. Kd1 Ba3 30. Ne3 Bxb4 31. Nxc4 Kf8 32. Ke2 Ke7 33. f4 f5 34. e5
Nc3+ 35. Kd3 Nxd5 36. Kd4 Nc7 37. exd6+ Bxd6 38. Nb6 Ke6 39. Na4 h5 40. Nc3 Ne8
41. h4 Nf6 42. Kc4 Ne4 43. Ne2 Bc5 0-1

[Event "World Junior Open 2015"]
[Site "Khanty-Mansiysk RUS"]
[Date "2015.09.12"]
[Round "10.30"]
[White "Dias, Matheus Nunes"]
[Black "Dutreuil, Raphael"]
[Result "0-1"]
[WhiteElo "1699"]
[BlackElo "2166"]
[WhiteFideId "2136570"]
[BlackFideId "20630999"]
[EventDate "2015.09.02"]

1. d4 Nf6 2. c4 g6 3. Nc3 d5 4. cxd5 Nxd5 5. e4 Nxc3 6. bxc3 Bg7 7. Bc4 c5 8.
Be3 Nc6 9. Ne2 O-O 10. O-O Qc7 11. Bb3 Rd8 12. Qc1 b6 13. e5 Ba6 14. Re1 e6 15.
Qb2 Rac8 16. Nf4 Qe7 17. Rad1 Bb7 18. a3 Na5 19. Qa2 cxd4 20. cxd4 Rc3 21. Rd3
Rdc8 22. Qb2 Rxd3 23. Nxd3 Qd7 24. Ba2 Qc6 25. f3 Qc3 26. Qxc3 Rxc3 27. Nb4 Bf8
28. Bc1 Nc4 29. Bxc4 Rxc4 30. Be3 Rc3 31. Kf2 Rxa3 32. Nc2 Rc3 33. Rc1 b5 34.
Ne1 Rxc1 35. Bxc1 a5 36. Ke2 Bd5 37. Kd3 Bc4+ 38. Kc2 Be7 39. g3 Kf8 40. Nd3 Ke8
41. Nf2 Bd5 42. f4 Kd7 43. Ng4 Kc6 44. Nh6 b4 45. Nxf7 a4 46. Nd6 a3 47. Kb1 Bd8
48. Bd2 Bb6 49. Bxb4 a2+ 0-1

[Event "World Junior Open 2015"]
[Site "Khanty-Mansiysk RUS"]
[Date "2015.09.12"]
[Round "10.31"]
[White "O'Mahoney, Keegan"]
[Black "Chumak, Dmitrii"]
[Result "1/2-1/2"]
[WhiteElo "1788"]
[BlackElo "1808"]
[WhiteFideId "2506190"]
[BlackFideId "34106658"]
[EventDate "2015.09.02"]

1. d4 Nf6 2. c4 c5 3. d5 b5 4. cxb5 a6 5. bxa6 g6 6. Nc3 Bg7 7. Nf3 Bxa6 8. e4
Bxf1 9. Kxf1 d6 10. g3 Nbd7 11. Kg2 O-O 12. a4 Qb6 13. Qe2 Qb7 14. Bf4 Ra5 15.
Qc2 Rfa8 16. Rhe1 Ng4 17. b3 Nge5 18. Nxe5 Nxe5 19. Bd2 R5a6 20. Rab1 c4 21. f4
Nd3 22. Rf1 Nb4 23. Qd1 Qc8 24. bxc4 Qxc4 25. Qb3 Qxb3 26. Rxb3 Bxc3 27. Bxc3
Na2 28. Rfb1 Nxc3 29. Rxc3 Rxa4 30. Kf3 Rd4 31. Rb7 Kf8 32. Ke3 Rda4 33. Rcc7
Re8 34. Kf3 f6 35. Rd7 h5 36. e5 fxe5 37. fxe5 dxe5 38. d6 Rd4 39. dxe7+ Kf7 40.
Rxd4 exd4 41. Ke4 Rxe7+ 42. Rxe7+ Kxe7 43. Kxd4 Kf6 44. Ke4 g5 45. h4 gxh4 46.
gxh4 Ke6 1/2-1/2

[Event "World Junior Open 2015"]
[Site "Khanty-Mansiysk RUS"]
[Date "2015.09.13"]
[Round "11.1"]
[White "Bluebaum, Matthias"]
[Black "Duda, Jan-Krzysztof"]
[Result "1/2-1/2"]
[WhiteTitle "GM"]
[BlackTitle "GM"]
[WhiteElo "2580"]
[BlackElo "2645"]
[WhiteFideId "24651516"]
[BlackFideId "1170546"]
[EventDate "2015.09.02"]

1. d4 Nf6 2. c4 e6 3. g3 d5 4. Bg2 dxc4 5. Nf3 Bb4+ 6. Nc3 O-O 7. O-O Nbd7 8.
Qc2 Nb6 9. e4 h6 10. Be3 Bd7 11. Ne5 Bxc3 12. Qxc3 Bb5 13. f4 Nfd7 14. Nf3 Bc6
15. Ne5 Nxe5 16. fxe5 f6 17. exf6 Rxf6 18. Qa5 Qe7 19. Rxf6 Qxf6 20. Rf1 Qg6 21.
Qe5 Nd7 22. Qxc7 Bxe4 23. Qxd7 Bxg2 24. Kxg2 Qe4+ 25. Kh3 Qxe3 26. Qxb7 Rd8 27.
Rf4 Qe2 28. Qf7+ Kh8 29. Rf2 Qe3 30. Rf4 Qe2 31. Rf6 Rd5 32. Qe8+ Kh7 33. Qg6+
Kg8 34. Qf7+ Kh7 35. Qg6+ Kg8 36. Qe8+ Kh7 37. Qg6+ 1/2-1/2